Former Nations/States - Part 8: East Africa - Statistics

General Stats
  • This quiz has been taken 3 times
  • The average score is 6 of 11
Answer Stats
Modern Day Country Time Period Answer % Correct
Malawi 1480 – 1891 AD Kingdom of Maravi
100%
Kenya 1502 – 1887 AD Mombasa Sultanate
100%
Tanzania 1964 AD People's Republic of Zanzibar
100%
Tanzania 1856 – 1890 AD Sultanate of Zanzibar
100%
Tanzania 1961 – 1964 AD Tanganyika
100%
Tanzania/Kenya 800 – 1700 AD Swahili City States
67%
Tanzania 957 – 1513 AD Kilwa Sultanate
33%
Mozambique 1485 – 1910 AD Angoche Sultanate
0%
Kenya 800 – 1400 AD Malindi Kingdom
0%
Kenya 1203 – 1870 AD Pate Sultanate
0%
Kenya 1810 – 1905 AD Witu Sultanate
0%
No matching quizzes found
Score Distribution
Percent of People with Each Score
Percentile by Number Answered
Your Score History
You have not taken this quiz